Kings of Leon Songs - Sudden Death - Statistics

General Stats
  • This quiz has been taken 32 times
  • The average score is 7 of 10
Answers on the Grid
Answers color-coded by a green-red scale on the quiz's grid according to % correct below.
Blood on the Pavement Light
Broken Neon Hallelujah
Closer
Desert Lights Burning
Dust & Desire Rising
Echoes from the Backseat
Fading Gold Horizon
Fans
Firelines Through Tennessee
Heatwave on the Highway
Last Call at the Overpass
Midnight in the Valley
Molly's Chambers
Moonlit Motel Reverie
Night Drive Salvation
On Call
Radio Silence & Regret
Radioactive
Reverly
Rust & Reverie
Saints of the Sidewalk Night
Sex on Fire
Slow Burn After Midnight
Slow Fire Confessions
Southern Static Hearts
Supersoaker
The Bucket
Tired Eyes in the Floodlight
Use Somebody
Whiskey Roads & Thunder
 
Answer Stats
Answer % Correct
Sex on Fire
93%
Use Somebody
90%
Closer
79%
Molly's Chambers
66%
On Call
59%
Reverly
59%
Supersoaker
59%
Radioactive
55%
The Bucket
55%
Fans
52%
No matching quizzes found
Score Distribution
Percent of People with Each Score
Percentile by Number Answered
Your Score History
You have not taken this quiz